LIBRARY & INFORMATION CENTRE, KCAET, TAVANUR

ONLINE PUBLIC ACCESS CATALOGUE (OPAC)

Energy in production agriculture / (Record no. 9578)

MARC details
000 -LEADER
fixed length control field 00442cam a2200181ua 4500
003 - CONTROL NUMBER IDENTIFIER
control field OSt
008 - FIXED-LENGTH DATA ELEMENTS--GENERAL INFORMATION
fixed length control field 241101b |||||||| |||| 00| 0 eng d
020 ## - INTERNATIONAL STANDARD BOOK NUMBER
ISBN 81-7099-407-1
041 ## - LANGUAGE CODE
Language code of text/sound track or separate title eng
082 ## - DEWEY DECIMAL CLASSIFICATION NUMBER
Classification number 621.47
Item number SIN/EN
100 ## - MAIN ENTRY--AUTHOR NAME
Personal name Surendra, Singh .
245 ## - TITLE STATEMENT
Title Energy in production agriculture /
250 ## - EDITION STATEMENT
Edition statement 1 /
260 ## - PUBLICATION, DISTRIBUTION, ETC. (IMPRINT)
Place of publication :
Name of publisher Mittal Publications ,
Year of publication 1992.
300 ## - PHYSICAL DESCRIPTION
Number of Pages 166 ; .
700 1# - ADDED ENTRY--PERSONAL NAME
Personal name Mittal, J P .
942 ## - ADDED ENTRY ELEMENTS (KOHA)
Koha item type Books
Holdings
Withdrawn status Lost status Damaged status Home library Current library Shelving location Date acquired Full call number Accession Number Koha item type
      KAUAET KAUAET Shelf- 7A 07/04/2012 621.47 SIN/EN 19757 Books
free website counter